00755nam a2200205 a 450000100100000000500170001000800410002704000250006808200180009310000220011124501010013326000370023430000260027165000250029770000380032270000410036004900090040195201220041099900170053200002373920200930022430.0110112s1969 ag r 000 0 spa d aDO-SdBNPbspacBNPHU a229.91bN372t1 aNee, T. S.94888010aTransformados en su semejanza /cT. S. Nee ; prólogo de Angus I. Kinnear, Geofredo W. Rawling. aBuenos Aires :bHebrón,c1969. a126, [2] p. ;c18 cm. 4aBiblia.xA.t.9488811 aKinnear, Angus I.epról.9488821 aRawling, Geofredo W.epról.948883 aBNGR 001054708MOaGRbGRcCTd2011-01-12iLF1l0o229.91 N372tp23739-10r2020-06-25w2020-06-25y4ZPréstamo en sala c23235d23235